Přehled teorií mezinárodních vztahů

Bibliographic Details
Main Author: Blažek, Tomáš (Author)
Other Authors: Pšeja, Pavel, 1970- (Editor)
Format: Book
Language:Czech
PhysicalDescription:160 s. 20 cm
Published: Brno Masarykova univerzita, Mezinárodní politologický ústav 2005
ISBN:8021038373 (brož.)
Edition:1. vyd.
Series:Studie
Subjects:

MARC

LEADER 00000nam a2200000 a 4500
001 vtls008771992
003 SK-MaSNL
005 20260302020901.0
008 251124s2005 xr d 000 0 cze
020 |a 8021038373 (brož.) 
040 |a SNK  |b slo  |c SNK  |e AACR2 
041 |a cze 
044 |a xr  |c CZ 
072 7 |a 327  |x Medzinárodné vzťahy, svetová politika  |2 konspekt 
080 |a 327  |2 2001 
080 |a 321.01  |2 2001 
080 |a (082)  |2 2001 
080 |a (048.8)  |2 2001 
245 0 0 |a Přehled teorií mezinárodních vztahů  |c Pavel Pšeja (ed.) ; Tomáš Blažek ... [et al.] 
250 |a 1. vyd. 
260 |a Brno  |b Masarykova univerzita, Mezinárodní politologický ústav  |c 2005 
300 |a 160 s.  |c 20 cm 
366 |e 300 výt. 
490 1 |a Studie  |v sv. č. 36 
504 |a Bibliogr. odkazy. Pozn. 
650 0 7 |a medzinárodné vzťahy  |2 SNKPH  |9 3690 
650 0 7 |a politické teórie  |2 SNKPH  |9 4687 
655 7 |a zborníky  |2 SNKPH  |9 70165 
655 7 |a štúdie  |2 SNKPH  |9 57033 
700 1 |a Pšeja, Pavel,  |d 1970-  |4 edt  |9 92166 
700 1 |a Blažek, Tomáš  |4 aut  |9 292462 
830 0 |a Studie  |9 283071 
919 |a 80-210-3837-3 
999 |c 1026721  |d 1028651 
952 |t snkPŠE 327  |a SNKUST  |b SNKUST  |y PREZ  |7 0  |p 17A0575377  |o snkID 98021  |i snk2008/1179  |8 4  |g 8.33  |0 0  |1 0  |4 0  |d 2008-01-09  |l 0  |r 2025-05-30 00:00:00  |w 2026-02-24